Biathlon Einzelweltcup der Männer 24/25 - Statistiken

Allgemein
  • Dieses Quiz wurde 28 mal gespielt
  • Das Durchschnittsergebnis liegt bei 13 aus 20
Antwortstatistiken
# Biathlet Punkte % Korrekt
7 Johannes Thingnes Boe 106
100%
17 Tarjei Boe 69
100%
4 Quentin Fillon Maillet 112
88%
15 Emilien Jacquelin 79
83%
13 Martin Ponsiluoma 80
83%
12 Sebastian Samuelsson 81
83%
1 Sturla Holm Laegreid 165
83%
5 Eric Perrot 111
79%
10 Tommaso Giacomel 87
71%
2 Jakov Fak 144
67%
16 Justus Strelow 71
67%
6 Emilien Claude 107
63%
3 Endre Stroemsheim 141
63%
14 Fabien Claude 79
63%
9 Niklas Hartweg 90
58%
8 Vebjoern Soerum 90
50%
19 Vitezslav Hornig 64
33%
11 Johannes Dale-Skjevdal 87
25%
18 Andrejs Rastorgujevs 65
13%
20 Vitalii Mandzyn 62
13%
Keine übereinstimmenden Quizze gefunden
Verteilung der Resultate
Anzahl Personen mit jedem Resultat
Perzentil nach korrekt beantworteten Fragen
Ihre Resultats-Entwicklung
Sie haben dieses Quiz noch nicht gespielt